000
00211nam a2200109Ia 4500
100
_a
NARAIN LAXMI
942
_c
BK
245
_a
PRINCPLES & PRACTICE OF----
260
_b
#N/A
546
_a
ENGLISH
999
_c
33826
_d
33826